План г. Санкт-Петербурга

Доступно только в Электронных читальных залах Найти на картеНа карте
RUSMARC
00003415nmc2a2200000 x 450
001452505cf-0be1-4340-8c03-69c63db7f2e9
00520160229172342.0
100##$a20140428l18341834k l0rusy0189 ca
1010#$arus
102##$aRU
2001#$aПлан г. Санкт-Петербурга
$j1834 г.
251##$cДело
300##$aДело
801#0$aRU
$bРГИА
$c20140428
$gRCR
801#1$aRU
$bГлавНИВЦ
$c20140428
$2rusmarc
801#2$aRU
$bПБ им. Б.Н. Ельцина
$c20160229
$gRCR
$2rusmarc
850##$aРГИА
852##$aРГИА
$eФедеральное казенное учреждение "Российский государственный исторический архив" (РГИА)
$j58
937##$hРГИА
$d11361304
$aASBIBLIO_SCAN
462#0$1001f33739e2-8da3-4a94-87ff-a1728dc92835
$12001
$a1795-1861 гг.
$1251
$cОпись
$1852
$j4
461#0$100136133453-e1c7-4a41-902b-c6845355bc0d
$12001
$aПланы и чертежи водных и шоссейных дорог (коллекция)
$1251
$cФонд
$1852
$j1487
215##$a1 л.
$cплан.
$d93х57 см
371##$aДокумент не является опубликованным и широко распространяемым
105##$ae###
1220#$ad
035##$a452505cf-0be1-4340-8c03-69c63db7f2e9
Формат отображения